LEADER 01711nam 2200565 a 450 001 9910452261203321 005 20200520144314.0 010 $a0-8213-9987-X 035 $a(CKB)2550000001108409 035 $a(SSID)ssj0000950828 035 $a(PQKBManifestationID)12448099 035 $a(PQKBTitleCode)TC0000950828 035 $a(PQKBWorkID)10881633 035 $a(PQKB)10960677 035 $a(MiAaPQ)EBC1336653 035 $a(Au-PeEL)EBL1336653 035 $a(CaPaEBR)ebr10740786 035 $a(CaONFJC)MIL508759 035 $a(OCoLC)855505081 035 $a(EXLCZ)992550000001108409 100 $a20130607d2013 uy 0 101 0 $aeng 135 $aurcn||||||||| 181 $ctxt 182 $cc 183 $acr 200 00$aSustaining trade reform$b[electronic resource] $einstitutional lessons from Argentina and Peru /$fby Eli?as A. Baracat ... [et al.] 210 $aWashington, D.C. $cWorld Bank$d2013 215 $axiv, 147 p 225 1 $aDirections in development 300 $aBibliographic Level Mode of Issuance: Monograph 311 $a0-8213-9986-1 311 $a1-299-77508-X 320 $aIncludes bibliographical references. 410 0$aDirections in development (Washington, D.C.) 607 $aArgentina$xCommercial policy 607 $aArgentina$xCommerce 607 $aPeru$xCommercial policy 607 $aPeru$xCommerce 608 $aElectronic books. 676 $a382/.30982 701 $aBaracat$b Eli?as$01045493 712 02$aWorld Bank. 801 0$bMiAaPQ 801 1$bMiAaPQ 801 2$bMiAaPQ 906 $aBOOK 912 $a9910452261203321 996 $aSustaining trade reform$92471821 997 $aUNINA